| 000 | 00538nam a2200181Ia 4500 | ||
|---|---|---|---|
| 003 | SISC | ||
| 005 | 20160928104653.0 | ||
| 008 | 140711s9999 xx 000 0 und d | ||
| 020 | _a9789710165223 | ||
| 050 |
_aHF 5635 _b.B188 2016 |
||
| 100 | _aBallada, Win. | ||
| 245 |
_aAccounting fundamentals made easy / _cWin Ballada, Susan Ballada. |
||
| 250 | _a4th edition. | ||
| 260 |
_aManila, Philippines : _bDomDane Publishers, _c2016. |
||
| 300 |
_axiv, 342 pages : _billustrations ; _c26 cm. |
||
| 942 |
_kLOC _cBK _2lcc |
||
| 999 |
_c305128 _d305128 |
||